Statistiques concernant Biopics français par images #2

Cliquez ici pour prendre le quiz!

Statistiques générales

  • Ce quiz a été pris 526 fois
  • Le résultat moyen est 7 sur 20

Statistiques - réponses

Réponse% Correct
Intouchables
Philippe Pozzo di Borgo
86%
J'accuse
Marie-Georges Picquart
73%
Bernadette
Bernadette Chirac
60%
Saint-Laurent
Yves Saint-Laurent
59%
L'Odyssée
Jacques-Yves Cousteau
58%
Dalida
Iolanda Gigliotti
57%
Rodin
Auguste Rodin
49%
La Gloire de mon père
Marcel Pagnol
36%
Danton
Georges Danton
29%
La Conquête
Nicolas Sarkozy
25%
La Promesse de l'aube
Romain Gary
23%
Cézanne et moi
Emile Zola
22%
Gauguin : Voyage de Tahiti
Paul Gauguin
22%
Van Gogh
Vincent Van Gogh
22%
Molière
Jean-Baptiste Poquelin
20%
Benedetta
Benedetta Carlini
15%
Edmond
Edmond Rostand
15%
Le Tigre et le Président
Paul Deschanel
14%
Sagan
Françoise Sagan
13%
L'Histoire d'Adèle H.
Adèle Hugo
12%

Distribution des résultats

Percentile par nombre de réponses

% des personnes avec chaque résultat

Votre développement - résultats

Vous n’avez pas pris ce quiz